10 Najbardziej zaludnionych państw Afryki - Statystyki

Ogólne statystyki
  • Ten quiz został rozwiązany 34 razy
  • Średni wynik to 9 z 10
Statystyki odpowiedzi
Liczba ludności Państwo % Poprawnych
109 mln Demokratyczna Republika Konga
100%
116 mln Egipt
100%
232 mln Nigeria
100%
61 mln Republika Południowej Afryki
100%
132 mln Etiopia
97%
46 mln Sudan
94%
47 mln Algieria
90%
57 mln Kenia
90%
69 mln Tanzania
87%
51 mln Uganda
77%
Nie znaleziono quizów pasujących do podanych kryteriów
Rozkład punktacji
Procent ludzi z każdym wynikiem
Percentyl według liczby udzielonych odpowiedzi
Twoja historia wyników
Nie rozwiązałeś tego quizu